Southville International School and Colleges
Your cart is empty.
  • Cart
  • Lists
    Public lists Eva Luna New books Lux_list list_1
    Your lists Log in to create your own lists
  • Log in to your account
  • Your cookies
  • Search history
Southville International School and Colleges
  • Advanced search
  • Recent comments
  • Most popular
  • Libraries

Log in to your account

Log in with GOOGLE


If you do not have an external account, but do have a local account, you can still log in:

  1. Home
  2. MARC view: General geography in diagrams /
Normal view MARC view ISBD view

General geography in diagrams / (Record no. 14377)

[ view plain ]
MARC details
000 -LEADER
fixed length control field 00892nam a2200277Z 4500
001 - CONTROL NUMBER
control field 3210209
003 - CONTROL NUMBER IDENTIFIER
control field PILC
005 - DATE AND TIME OF LATEST TRANSACTION
control field 20150112093431.0
008 - FIXED-LENGTH DATA ELEMENTS--GENERAL INFORMATION
fixed length control field 790723s1976 enk 1 0 eng ||
020 ## - INTERNATIONAL STANDARD BOOK NUMBER
International Standard Book Number 058269969X
035 ## - SYSTEM CONTROL NUMBER
System control number (Sirsi) 60960178
035 ## - SYSTEM CONTROL NUMBER
System control number (CaBKOC)60960178
040 ## - CATALOGING SOURCE
Original cataloging agency ZBkoc
Language of cataloging eng
Modifying agency WaOLN
-- UtOrBLW
050 04 - LIBRARY OF CONGRESS CALL NUMBER
Classification number G 128
Item number .B942 1973
082 ## - DEWEY DECIMAL CLASSIFICATION NUMBER
Classification number GSF 910
Item number B88 1973
090 ## - LOCALLY ASSIGNED LC-TYPE CALL NUMBER (OCLC); LOCAL CALL NUMBER (OCLC)
Classification number (OCLC) (R) ; Classification number, CALL (RLIN) (NR) GB23
Local cutter number (OCLC) ; Book number/undivided call number, CALL (RLIN) .B95 1976
100 1# - MAIN ENTRY--PERSONAL NAME
Personal name Bunnett, R. B.
9 (RLIN) 10713
245 10 - TITLE STATEMENT
Title General geography in diagrams /
Statement of responsibility, etc R.B. Bunnett. --
250 ## - EDITION STATEMENT
Edition statement 3d ed.
260 ## - PUBLICATION, DISTRIBUTION, ETC. (IMPRINT)
Place of publication, distribution, etc London :
Name of publisher, distributor, etc Longman,
Date of publication, distribution, etc 1973.
300 ## - PHYSICAL DESCRIPTION
Extent 375 pages :
Other physical details ill. p;
Dimensions 24 cm.
500 ## - GENERAL NOTE
General note "This book comprises the full text of the metric edition of the author's Physical geography in diagrams (expanded and updated.)"
504 ## - BIBLIOGRAPHY, ETC. NOTE
Bibliography, etc Includes index.
650 #0 - SUBJECT ADDED ENTRY--TOPICAL TERM
Topical term or geographic name as entry element Physical geography
Form subdivision Charts, diagrams, etc.
9 (RLIN) 10714
942 ## - ADDED ENTRY ELEMENTS (KOHA)
Source of classification or shelving scheme Library of Congress Classification
Koha item type Books
Holdings
Withdrawn status Lost status Source of classification or shelving scheme Damaged status Home library Current library Shelving location Date acquired Total Checkouts Full call number Barcode Date last seen Copy number Price effective from Koha item type
    Library of Congress Classification   Southville International School Affiliated with Foreign Universities Library Southville International School Affiliated with Foreign Universities Library Southville Foreign University Section 08/15/2013   G 128 .B942 1973 SFU1159 05/15/2018 1 08/15/2013 Books
    Library of Congress Classification   Southville International School Affiliated with Foreign Universities Library Southville International School Affiliated with Foreign Universities Library Southville Foreign University Section 08/15/2013   G 128 .B942 1973 SFU1160 05/15/2018 2 08/15/2013 Books

General geography in diagrams /

APA

Bunnett R. B., . (1973). General geography in diagrams. London: Longman.

Chicago

Bunnett R B, . 1973. General geography in diagrams. London: Longman.

Harvard

Bunnett R. B., . (1973). General geography in diagrams. London: Longman.

MLA

Bunnett R B, . General geography in diagrams. London: Longman. 1973.

  • Place hold
  • Print
  • Cite
  • Add to your cart (remove)
  • Save record
    BIBTEX Dublin Core MARCXML MARC (non-Unicode/MARC-8) MARC (Unicode/UTF-8) MARC (Unicode/UTF-8, Standard) MODS (XML) RIS
  • More searches
    Search for this title in:
    Other Libraries (WorldCat) Other Databases (Google Scholar) Online Stores (Bookfinder.com) Open Library (openlibrary.org)

Exporting to Dublin Core...

SOUTHVILLE LIBRARY

Southville International School and Colleges Library

1281 Tropical Ave. Cor. Luxembourg St., BF Homes International, Las Pinas City

Tel. No. 8256374 / 252358 Loc. 117/146

Powered by Koha